Can you name all toty players from Fifa 11-23 - Statistics

General Stats
  • This quiz has been taken 63 times
  • The average score is 29 of 60
Answer Stats
Hint Answer % Correct
Fifa 11,12,13,14,15,16,17,18,19,20,22,23 Messi
100%
Fifa 11,12,13,14,15,16,17,18,19,21 Ronaldo
100%
Fifa 16,17,18,19,23 Modric
85%
Fifa 19,20,21,22,23 Mbappe
83%
Fifa 19,20,21,23 Van Dijk
83%
Fifa 12,13,14,15,16,17,18,19,21 Ramos
81%
Fifa 11,12,13,14 Xavi
77%
Fifa 16 Neymar
75%
Fifa 18,19,20,21,22,23 De Bruyne
73%
Fifa 11,12,13,14,15,16,17 Iniesta
73%
Fifa 15,17 Kroos
73%
Fifa 21,22 Lewandowski
69%
Fifa 14,15,16,17,21 Neuer
69%
Fifa 13,16,17,18,19 Marcelo
67%
Fifa 23 Courtois
65%
Fifa 12,13,14,16,17,18 Dani Alves
65%
Fifa 15 Robben
65%
Fifa 17 Suarez
65%
Fifa 20 Alisson
63%
Fifa 23 Benzema
63%
Fifa 11,12,13,17 Pique
63%
Fifa 11,12,13 Casillas
58%
Fifa 20 Mane
56%
Fifa 14 Ribery
56%
Fifa 19 Varane
54%
Fifa 22 Ruben dias
52%
Fifa 18,19,20,22 Kante
50%
Fifa 18,19 De Gea
48%
Fifa 20,21 Alexander Arnold
46%
Fifa 14,15 Lahm
46%
Fifa 20 Robertson
46%
Fifa 14,15,16 Silva
46%
Fifa 22,23 Hakimi
44%
Fifa 12 Rooney
44%
Fifa 23 Hernandez
42%
Fifa 18 Bonucci
40%
Fifa 20 De Ligt
40%
Fifa 21 Kimmich
40%
Fifa 11 Puyol
40%
Fifa 23 Bellingham
38%
Fifa 20 De Jong
38%
Fifa 14 Ibrahimovic
38%
Fifa 22 Jorginho
38%
Fifa 16 Pogba
35%
Fifa 22 Cancelo
31%
Fifa 18 Kane
31%
Fifa 22 Marquinhos
31%
Fifa 15 Di Maria
29%
Fifa 21 Bruno Fernandes
27%
Fifa 21 Davies
27%
Fifa 11 Sneijder
25%
Fifa 12 Vidic
23%
Fifa 12,13 Alonso
21%
Fifa 15 David Luiz
21%
Fifa 22 Donnaruma
21%
Fifa 13 Falcao
21%
Fifa 23 Militao
21%
Fifa 11 David Villa
19%
Fifa 11 Lucio
8%
Fifa 11 Maicon
6%
No matching quizzes found
Score Distribution
Percent of People with Each Score
Percentile by Number Answered
Your Score History
You have not taken this quiz